000 00341nam a2200145Ia 4500
005 20251222175930.0
008 251222s9999||||xx |||||||||||||| ||spa||
020 _a8474320909
082 _a306.4/G34
100 _aGeertz, Clifford
245 0 _aLa Interpretación de las Culturas
250 _a1ra.ed.
264 _bGedisa
942 _cLIB
999 _c40990
_d40990